000 01444nam a2200337 c 4500
003 BLK
005 20180422115106.0
008 180411b bul|||||r ||||||| ||bul||
010 _aKNG00189393000
020 _a978-619-150-189-2
_bиздат.: Колибри
040 _aBLK
041 _aBUL
_cBUL
072 7 _2bullib
_aН83
_xЧужда художествена литература Н
080 _aИспанска литература
_b821.134.2
_x-311.6
_z821.134.2-311.6
100 1 _aХименес Бартлет, Алисия
_eпърви автор
_9293850
700 1 _aОмайников, Захари Стефанов
_eпрев. от исп.
_9364697
139 _aХименес Бартлет, Алисия
_bХ 50
245 1 0 _aКъдето никой няма да те намери
_bРоман
_cАлисия Хименес Бартлет; прев. от исп. Захари Стефанов Омайников.
257 _aSPA
260 София
_bКолибри
_c2013
_fСофия : Инвестпрес
300 _a512 с.
_c20 см
380 _aX
490 1 _aСъвременна европейска проза
500 _aОриг. загл.: Donde nadie te encuentre / Alicia Gimenez Bartlett
659 _aН
852 _aЦб 281624
856 4 _qpdf
_u
856 4 _qpdf
_u
942 _cKNG
_n0
944 _aCR
_c09.08.2016
_kВиолета_Тройчева
944 _aED
_c16.08.2016
_kСимона_Петрова
999 _c180536
_d180536